000 01037nam a2200265Ia 4500
999 _c44992
_d44992
001 11813
003 GE_BSU
005 20240627161917.0
008 181216s2004||||ru |||||||||||||| ||rus||
020 _a99928-0-838-1
040 _cGE_BSU
041 _arus
080 _a903.531 В-23
100 _aВашакидзе, Гизо
_922616
245 _aПерсональное торнадо для духа фараона :
_bРаскрыта тайна пирамид / ].
_cГизо Вашакидзе ; [Ред. А. Хантадзе].
264 _aТбилиси :
_bМецниереба,
_c2004.
300 _a140 с. :
_bил. ;
_c20 см.
504 _aБиблиогр. : с. 139-140
653 _aПерсональное торнадо для духа фараона
653 _aраскрыта таина пирамид
653 _aძველი ეგვიპტის ისტორია
653 _aპირამიდები
653 _aტორნადოები
942 _cBK
_2udc